000 00762nam a2200253 a 4500
001 BRCA_5106
005 20190320204936.0
008 181110s1950----mx-a######---#000-0#spa-#
041 _aspa
044 _amx
050 4 _aNA5060
_b.M38 1950
100 1 _aMaza, Francisco de la
_d1913-1972
_9278
245 1 0 _aLos retablos dorados de Nueva España
_cFrancisco de la Maza.
260 _aMéxico
_bEdiciones Mexicanas
_c1950
300 _a43 p.
_bil. (algunas a color), 61 láminas
_c23 cm.
440 0 _aEnciclopedia mexicana de arte
_v9
_913021
500 _aEstado físico: hoja rota, p. 21-22
500 _aE7
650 1 4 _aRetablos
_97923
650 1 4 _aEscultura mexicana
_92432
650 1 4 _aEscultura colonial
_913022
902 _aGFM
942 _2lcc
_cB
999 _c4800
_d4800